000 00273nam a22001097a 4500
008 170123b xxu||||| |||| 00| 0 eng d
020 _a9780781772471`
041 _aeng
080 _24TH
_a618.2
245 _aINTRODUCTION TO COMMUNITY-BASED NURSING
_cHUNT, R
942 _2udc
_cBK
999 _c3390
_d3390